000 00605nam a22002417a 4500
003 UA-OsUOA
001 637
007 ta
008 20050622b un ||||| |||| 00| 0 ukr d
100 _aСибіренко-Ставрояні О. В.
090 _a821.162.2
_bС34
942 _cBK
040 _aUA-OsUOA
_brus
_cUA-OsUOA
_dUA-OsUOA
245 _aFecit
300 _a300 с.
955 _a3
041 _arus
080 _a821.162.2
020 _a966-8305-12-4
260 _aК.
_bJhszyb
_c2004
650 7 _a82 Література. Літературознавство
_2UDC
999 _c286802
_d286802